000
00384nam a2200181Ia 4500
008
090630s9999 xx 000 0 und d
082
_b
27939
100
_a
---
245
_a
सार्थक.
_c
---
260
_b
---
300
_a
0
600
_a
---
630
_a
सार्थक.
655
_a
---
700
_a
---
730
_a
सार्थक.
942
_c
BOOK
999
_c
279795
_d
279795